| 000 | 00722nam a2200205Ii 4500 | ||
|---|---|---|---|
| 003 | JO-AjNU | ||
| 008 | 230605s9999||||xx |||||||||||||| ||und|| | ||
| 017 | _a2011/9/3615 | ||
| 040 |
_aJO-AjNU _bara _erda _cJO-AjNU |
||
| 041 | _aara | ||
| 050 | 1 | 4 | _aG2244.Z3.A85 2011 |
| 100 | 3 |
_aجامعة الزرقاء, _eauthor _948520 |
|
| 245 | 0 | 0 | _aأطلس محافظة الزرقاء |
| 264 | 3 | 1 | _aالزرقاء: جامعة الزرقاء، 2011 |
| 300 |
_a79ص _bخرائط وصور توضيحية |
||
| 336 |
_atext _btxt _2rdacontent |
||
| 337 |
_aunmediated _bn _2rdamedia |
||
| 338 |
_avolume _bnc _2rdacarrier |
||
| 650 | 4 |
_aالزرقاء - الاردن - خرائط - الزرقاء - الاردن - اطالس _948521 |
|
| 999 |
_aA21254 _c24822 _d24822 |
||